| 000 | 00474nam a22001937a 4500 | ||
|---|---|---|---|
| 003 | MPLRDC | ||
| 005 | 20220104143026.0 | ||
| 008 | 210129b ||||| |||| 00| 0 eng d | ||
| 020 | _a983-2385-73-3 | ||
| 082 | _a574.386 HML | ||
| 100 | _a黄明来 | ||
| 245 |
_a一党独大 _c |
||
| 250 | _a一版一刷 | ||
| 260 |
_a马来西亚 _b大将事业社 _c2003 |
||
| 300 | _b251 | ||
| 490 | _a大将观点: 23 | ||
| 650 | _a马来西亚政治 | ||
| 942 |
_cBK _o574.386 HML |
||
| 999 |
_c35904 _d35894 |
||